Loading...
History - World History | 2 | 3 | 1 | 1 | 55 | 55 | 80.80 | 2 | 5 |
Religion | 1 | 4 | 0 | 2 | 55 | 63 | 104.00 | 1 | 4 |
Mythology | 0 | 5 | 1 | 1 | 45 | 76 | 97.60 | 1 | 5 |
History - Other History | 1 | 2 | 0 | 1 | 35 | 72 | 98.67 | 0 | 2 |
History - American History | 0 | 3 | 0 | 1 | 30 | 80 | 111.67 | 0 | 2 |
Fine Arts - Auditory Fine Arts | 1 | 1 | 0 | 0 | 25 | 32 | 66.50 | 1 | 2 |
Science - Chemistry | 0 | 2 | 0 | 1 | 20 | 80 | 102.50 | 0 | 2 |
History - European History | 0 | 2 | 0 | 2 | 20 | 128 | 130.00 | 0 | 1 |
Pop Culture | 0 | 2 | 0 | 0 | 20 | 83 | 105.00 | 0 | 2 |
Literature - World Literature | 0 | 1 | 0 | 0 | 10 | 104 | 104.00 | 1 | 1 |
Philosophy | 0 | 1 | 0 | 1 | 10 | 117 | 117.00 | 0 | 0 |
Science - Other Science | 0 | 1 | 0 | 0 | 10 | 136 | 136.00 | 0 | 0 |
Fine Arts - Other Fine Arts | 0 | 0 | 0 | 0 | 0 | 0.00 | 0 | 0 | |
Social Science | 0 | 0 | 1 | 0 | -5 | 0.00 | 0 | 0 | |
Literature - European Literature | 0 | 0 | 1 | 0 | -5 | 0.00 | 0 | 0 |